La investigación latinoamericana en ciencias sociales /
La presente es una crítica sobre el papel que el investigador social tenía sobre el desarrollo de los sistemas de gobierno en Latinoamérica en la década de los 70. El autor dice que en ese tiempo, la investigación social estuvo sometida y condicionada a las tácticas políticas particulares. El autor...
Wedi'i Gadw mewn:
| Prif Awdur: | |
|---|---|
| Fformat: | Llyfr |
| Iaith: | Sbaeneg |
| Cyhoeddwyd: |
México :
El Colegio de México, Centro de Estudios Sociológicos : Consejo Latinoamericano de Ciencias Sociales,
1973, c1973
|
| Cyfres: | (Jornadas ;
74) |
| Pynciau: | |
| Tagiau: |
Dim Tagiau, Byddwch y cyntaf i dagio'r cofnod hwn!
|
MARC
| LEADER | 00000nam^a2200000^a^4500 | ||
|---|---|---|---|
| 001 | 000142758 | ||
| 005 | 20250521000000.0 | ||
| 009 | 20260310095700.472 | ||
| 037 | |a Acervo ITESO - Biblioteca | ||
| 041 | |a ESP | ||
| 082 | |a 300. 5 |b JOR V. 74 | ||
| 100 | |a Kaplan, Marcos |e (autor) | ||
| 240 | 1 | 1 | |a [Jornadas] |
| 245 | 1 | 3 | |a La investigación latinoamericana en ciencias sociales / |c M. Kaplan. |
| 264 | 4 | |a México : |b El Colegio de México, Centro de Estudios Sociológicos : |b Consejo Latinoamericano de Ciencias Sociales, |c 1973, c1973 | |
| 300 | |a 86 p. | ||
| 336 | |a texto |b txt |2 rdacontenido | ||
| 337 | |a sin mediación |b n |2 rdamedio | ||
| 338 | |a volumen |b nc |2 rdasoporte | ||
| 440 | 1 | |a (Jornadas ; |v 74) | |
| 520 | |a La presente es una crítica sobre el papel que el investigador social tenía sobre el desarrollo de los sistemas de gobierno en Latinoamérica en la década de los 70. El autor dice que en ese tiempo, la investigación social estuvo sometida y condicionada a las tácticas políticas particulares. El autor define entonces, algunas cuestiones centrales de la investigación social y la educación superior y plantea hipótesis que abren un debate al respecto. | ||
| 649 | |a XX | ||
| 650 | |a Ciencias Sociales - |x Publicaciones Periódicas Mexicanas | ||
| 650 | |a Sociología - |z Latinoamérica - |x Prácticas Profesionales | ||
| 650 | |a Educación Superior - |z Latinoamérica | ||
| 650 | |a Educación y Política | ||
| 650 | |a Ciencias Sociales - |z Latinoamérica - |x Historia y Crítica | ||
| 650 | |a Publicaciones Periódicas Mexicanas | ||
| 910 | |a Fondo General | ||
| 920 | |a Impresos - Libros | ||
| 930 | |a Colección General | ||
| 905 | |a 101 | ||
| 901 | |a 0500071508 |b IT1 |c ACC |u 20250521 | ||
| 902 | |a https://opac.biblio.iteso.mx/vufind/Record/000142758 | ||